[Event "Bategoll_10"]
[Site "http://www.queenalice.com/game.php?id=1364479"]
[Date "2015.6.10"]
[Round "-"]
[White "Bategoll"]
[Black "alencarfel"]
[Result "0-1"]
[WhiteElo "1907"]
[BlackElo "1500"]

1. d4 Nf6 2. e3 d5 3. Nf3 Bf5 4. Bd3 Bxd3 5. cxd3 e6 6. Nc3 Nbd7 7. Qc2 Nb6 8.
Bd2 Rc8 9. a3 c5 10. dxc5 Bxc5 11. d4 Bd6 12. Qd3 O-O 13. O-O Nc4 14. Rab1 Nxd2
15. Qxd2 Bb8 16. Ne5 Ne4 17. Nxe4 dxe4 18. Rfc1 Qd6 19. b4 f6 20. Rxc8 Rxc8 21.
f4 fxe5 22. fxe5 Qd7 23. Qf2 Rc3 24. Rf1 Qe7 25. a4 a6 26. b5 axb5 27. axb5 Bc7
28. Qa2 Rxe3 29. Qa8+ Bd8 30. Qc8 Rd3 31. Qc4 h6 32. h3 Bb6 33. Qc8+ Kh7 34. Rf8
Bxd4+ 35. Kh1 Rd1+ 36. Kh2 Bg1+ 0-1

[Event "AUTO-OPEN-3496"]
[Site "http://www.queenalice.com/game.php?id=1364719"]
[Date "2015.6.10"]
[Round "1"]
[White "alencarfel"]
[Black "LeandroJunio"]
[Result "0-1"]
[WhiteElo "1700"]
[BlackElo "1755"]

1. e4 e5 2. Nf3 Nc6 3. Bb5 Bc5 4. c3 d6 5. O-O Nf6 6. d4 exd4 7. cxd4 Bb4 8. a3
Ba5 9. b4 a6 10. Bxc6+ bxc6 0-1

[Event "AUTO-OPEN-3496"]
[Site "http://www.queenalice.com/game.php?id=1364746"]
[Date "2015.6.10"]
[Round "1"]
[White "SAMOEL"]
[Black "alencarfel"]
[Result "0-1"]
[WhiteElo "1889"]
[BlackElo "1500"]

1. e4 c6 2. d4 d5 3. e5 Bf5 4. Bd3 Bxd3 5. Qxd3 e6 6. b3 c5 7. dxc5 Qa5+ 8. c3
Qxc5 9. b4 Qc7 10. Nf3 Ne7 11. a4 Ng6 12. Qe3 Nd7 13. O-O Ndxe5 14. Nbd2 Bd6 15.
Ba3 Ng4 16. Qe2 Bxh2+ 17. Kh1 O-O 18. g3 Bxg3 19. fxg3 Qxg3 20. Rae1 Nf4 21. b5
Nxe2 22. Rxe2 Rfc8 23. Bb2 f6 24. Rg2 Qh3+ 25. Kg1 Ne3 26. Rff2 Nxg2 27. Rxg2
Rc7 28. Rh2 Qf5 29. Nd4 Qd3 30. Nxe6 Re7 31. Nd4 Re1+ 32. Kg2 Qxd2+ 33. Kg3 Rg1+
34. Kh3 Qh6# 0-1

[Event "AUTO-OPEN-3496"]
[Site "http://www.queenalice.com/game.php?id=1364747"]
[Date "2015.6.10"]
[Round "1"]
[White "alencarfel"]
[Black "SAMOEL"]
[Result "0-1"]
[WhiteElo "1788"]
[BlackElo "1922"]

1. d4 d5 2. c4 dxc4 3. Nc3 a6 4. a4 b6 5. e4 Bb7 6. Bxc4 Nc6 7. Nf3 e6 8. O-O
Bb4 9. Bg5 Qd7 10. d5 exd5 11. exd5 Nce7 12. Bxe7 Nxe7 13. Ne5 Qf5 14. f4 Bc5+
15. Kh1 O-O 16. Bd3 Qc8 17. Rf3 Nxd5 18. Nxd5 Bxd5 19. Bxh7+ Kxh7 20. Qxd5 Kg8
21. Rh3 Qe6 22. Qf3 Rfd8 23. Nc6 Rd5 24. Ne5 g6 25. Rg3 Rad8 26. h4 Bd4 27. Nxg6
fxg6 28. h5 Bg7 29. Rxg6 Qf5 30. Rg5 Qe6 31. Rg6 Qf5 32. Rg5 Qe6 33. Rg6 Qf7 34.
Qg4 Qf5 35. Rxg7+ Kh8 36. Qxf5 Rxf5 37. Rxc7 Rxh5+ 38. Kg1 Rd2 39. Re1 Rd8 40.
Re6 Rb8 41. g4 Rh4 42. Rg6 a5 43. Kg2 Rh7 44. Rxh7+ Kxh7 45. Rg5 Rc8 46. Rb5 Rc4
47. Kg3 Rxa4 48. Rxb6 Ra2 49. g5 a4 50. Kg4 Ra1 51. Rb7+ Kg8 52. f5 Rb1 53. f6
a3 54. Ra7 axb2 55. g6 Rg1+ 0-1

[Event "AUTO-OPEN-3496"]
[Site "http://www.queenalice.com/game.php?id=1364766"]
[Date "2015.6.10"]
[Round "1"]
[White "alencarfel"]
[Black "jesus_vieira"]
[Result "1-0"]
[WhiteElo "1763"]
[BlackElo "1515"]

1. d4 d5 2. c4 Nf6 3. Nc3 dxc4 4. e4 e5 5. d5 Bd6 6. Bxc4 b6 7. Nge2 Bg4 8. O-O
O-O 9. Qd3 Nbd7 10. Be3 Nc5 11. Bxc5 Bxc5 12. Kh1 h6 13. f4 Bd6 14. f5 a6 15.
Bxa6 1-0

[Event "AUTO-OPEN-3496"]
[Site "http://www.queenalice.com/game.php?id=1364767"]
[Date "2015.6.10"]
[Round "1"]
[White "jesus_vieira"]
[Black "alencarfel"]
[Result "0-1"]
[WhiteElo "1515"]
[BlackElo "1801"]

1. d4 Nf6 2. Nf3 d5 3. Bf4 Bf5 4. e3 e6 5. Bb5+ c6 6. Ba4 a5 7. h3 b5 8. Bxb5
cxb5 9. O-O Bd6 10. Ne5 O-O 11. Nc3 Qb6 12. a3 Na6 13. Qe2 Nc7 14. b3 Rac8 0-1

[Event "AUTO-OPEN-3502"]
[Site "http://www.queenalice.com/game.php?id=1367095"]
[Date "2015.6.23"]
[Round "1"]
[White "alencarfel"]
[Black "patreszer"]
[Result "0-1"]
[WhiteElo "1880"]
[BlackElo "1542"]

1. c4 Nf6 2. g3 g6 3. Nc3 Bg7 4. Bg2 O-O 5. d4 d6 6. e4 e5 7. Nge2 Nbd7 8. O-O
b6 9. h3 exd4 10. Nxd4 Ne5 11. b3 Bd7 12. Be3 c5 13. Ndb5 Bxb5 14. Nxb5 a6 15.
Nxd6 Ne8 16. Nxe8 Rxe8 17. Qc2 Ra7 18. Rad1 Rd7 19. Rd5 Nc6 20. Rfd1 Ree7 21.
Rxd7 Rxd7 22. Rxd7 Qxd7 23. Qd2 Qxd2 24. Bxd2 Bb2 25. Kf1 Nb4 26. a4 a5 27. Ke2
Nc6 28. Kd3 Nd4 29. Bc3 Bxc3 30. Kxc3 Kg7 31. e5 f6 32. exf6+ Kxf6 33. Bf1 h5
34. Bd3 g5 35. Bc2 Ke5 36. Bd1 h4 37. Kd3 hxg3 38. fxg3 Nf5 0-1

[Event "AUTO-OPEN-3502"]
[Site "http://www.queenalice.com/game.php?id=1367096"]
[Date "2015.6.23"]
[Round "1"]
[White "patreszer"]
[Black "alencarfel"]
[Result "0-1"]
[WhiteElo "1486"]
[BlackElo "1824"]

1. c4 Nf6 2. g3 c6 3. Nf3 d5 4. cxd5 cxd5 5. Bg2 Nc6 6. b3 e5 7. Bb2 Bd6 8. O-O
O-O 9. d4 e4 10. Nfd2 Qb6 11. e3 Bg4 12. Qe1 Nb4 13. Na3 Nd3 14. Qb1 Qa5 15. f3
exf3 16. Nxf3 Nxb2 17. Qxb2 Bxa3 18. Qf2 Ne4 19. Qe1 Bb4 20. Qb1 Bxf3 21. Rxf3
Nd2 22. Qf5 Nxf3+ 23. Bxf3 Rad8 24. Rf1 Bd2 25. e4 dxe4 26. Bxe4 Qxf5 27. Rxf5
b6 0-1

[Event "AUTO-OPEN-3516"]
[Site "http://www.queenalice.com/game.php?id=1373048"]
[Date "2015.7.24"]
[Round "1"]
[White "Fredov"]
[Black "alencarfel"]
[Result "1-0"]
[WhiteElo "1792"]
[BlackElo "1769"]

1. d4 Nf6 2. c4 e5 3. dxe5 Ng4 4. Bf4 Nc6 5. e4 Ngxe5 6. Nf3 Qf6 7. Bxe5 Nxe5 8.
Nbd2 Bc5 9. Be2 Ng4 10. O-O Qb6 11. Nd4 Bxd4 12. Bxg4 h5 13. Bxh5 1-0

[Event "AUTO-OPEN-3516"]
[Site "http://www.queenalice.com/game.php?id=1373049"]
[Date "2015.7.24"]
[Round "1"]
[White "alencarfel"]
[Black "Fredov"]
[Result "0-1"]
[WhiteElo "1744"]
[BlackElo "1807"]

1. d4 Nf6 2. c4 g6 3. g3 d5 4. Bg2 Bg7 5. Nc3 c6 6. cxd5 cxd5 7. Nf3 O-O 8. O-O
b6 9. Ne5 Bb7 10. b3 Nbd7 11. Bf4 e6 12. Rc1 a6 0-1

[Event "AUTO-OPEN-3516"]
[Site "http://www.queenalice.com/game.php?id=1373074"]
[Date "2015.7.24"]
[Round "1"]
[White "alencarfel"]
[Black "babydaddytoo"]
[Result "0-1"]
[WhiteElo "1799"]
[BlackElo "2053"]

1. e4 e6 2. d4 d5 3. exd5 exd5 4. c4 Nf6 5. Nc3 Bb4 6. Nf3 Nc6 7. Be3 Be6 8.
cxd5 Nxd5 9. Qc2 O-O 10. Bb5 Nce7 11. O-O c6 12. Bd3 Ng6 13. Rfe1 Be7 14. Rad1
Nb4 0-1

[Event "AUTO-OPEN-3516"]
[Site "http://www.queenalice.com/game.php?id=1373075"]
[Date "2015.7.24"]
[Round "1"]
[White "babydaddytoo"]
[Black "alencarfel"]
[Result "1-0"]
[WhiteElo "2046"]
[BlackElo "1813"]

1. d4 Nf6 2. Nf3 g6 3. c4 Bg7 4. Nc3 d6 5. e4 O-O 6. Be2 Nbd7 7. O-O e5 8. dxe5
Nxe5 9. Nxe5 dxe5 10. Be3 c6 11. Qxd8 Rxd8 12. f3 Be6 13. Rfd1 Kf8 14. Rxd8+
Rxd8 15. Bxa7 Rd2 16. Rb1 Bh6 17. Kf1 Nd7 18. Bf2 f5 19. Be1 Rd6 20. b3 Nf6 21.
exf5 Bxf5 22. Rd1 Ke7 23. Rxd6 Kxd6 24. b4 b6 25. Bh4 1-0